000 00357nam a2200133Ia 4500
008 151001s9999||||xx |||||||||||||| ||und||
100 _a ओशो
245 _aअध्यात्म उपनिषद
250 _a1
260 _bरेबल पब्लीशिंग हाउस
260 _c1995
300 _a324
365 _b22
999 _c972774
_d972771